000 00281nam a2200109Ia 4500
008 220204s9999 xx 000 0 und d
082 _a543.42
_bGRU
100 _aGrunwald, Ernest
245 0 _aMegawatt infrared laser chemistry
260 _aNew York
_bJohn Wiley
_c1978
942 _cBK
999 _c29697
_d29697